Online
Catalog

La cartuja de Parma / (Record no. 4546)

MARC details
000 -CABECERA
campo de control de longitud fija 00745nam a2200229 a 4500
001 - NÚMERO DE CONTROL
campo de control 000004740
005 - FECHA Y HORA DE LA ÚLTIMA TRANSACCIÓN
campo de control 20200929151508.0
008 - DATOS DE LONGITUD FIJA--INFORMACIÓN GENERAL
campo de control de longitud fija 810904s1975 sp 000 f spa
020 ## - NÚMERO INTERNACIONAL ESTÁNDAR DEL LIBRO
Número Internacional Estándar del Libro 8402044255
040 ## - FUENTE DE LA CATALOGACIÓN
Centro catalogador/agencia de origen DO-SdBNP
Lengua de catalogación spa
Centro/agencia transcriptor BNPHU
082 ## - NÚMERO DE LA CLASIFICACIÓN DECIMAL DEWEY
Número de clasificación 843.7
Número de documento/Ítem S825c
100 1# - ENTRADA PRINCIPAL--NOMBRE DE PERSONA
Nombre de persona Stendhal
Forma completa/desarrollada del nombre (Henri Beyle),
Fechas asociadas al nombre 1783-1842.
9 (RLIN) 13782
245 13 - MENCIÓN DE TÍTULO
Título La cartuja de Parma /
Mención de responsabilidad, etc. Stendhal ; traducción, Julio D. Acerete.
260 ## - PUBLICACIÓN, DISTRIBUCIÓN, ETC.
Lugar de publicación, distribución, etc. Barcelona :
Nombre del editor, distribuidor, etc. Bruguera,
Fecha de publicación, distribución, etc. 1975.
300 ## - DESCRIPCIÓN FÍSICA
Extensión 558 p. ;
Dimensiones 20 cm.
490 1# - MENCIÓN DE SERIE
Mención de serie Obras inmortales
534 ## - NOTA SOBRE LA VERSIÓN ORIGINAL
Encabezamiento principal del original Títitulo original:
Mención de título del original La chartreuse de parme
650 #4 - PUNTO DE ACCESO ADICIONAL DE MATERIA--TÉRMINO DE MATERIA
Término de materia o nombre geográfico como elemento de entrada Novela francesa
9 (RLIN) 1075
650 #4 - PUNTO DE ACCESO ADICIONAL DE MATERIA--TÉRMINO DE MATERIA
Término de materia o nombre geográfico como elemento de entrada Literatura francesa
Subdivisión cronológica SIGLO XVIII
9 (RLIN) 13783
700 1# - PUNTO DE ACCESO ADICIONAL--NOMBRE DE PERSONA
Nombre de persona Acerete, Julio D.,
Término indicativo de función/relación tr.
9 (RLIN) 13784
830 #0 - PUNTO DE ACCESO ADICIONAL DE SERIE-TÍTULO UNIFORME
Título uniforme Obras inmortales.
9 (RLIN) 13785
Holdings
Estado de retiro Estado de pérdida Restricciones de uso No para préstamo Código de colección Localización permanente Ubicación/localización actual Ubicación en estantería Fecha de adquisición Número de inventario Total de préstamos Signatura topográfica completa Código de barras Fecha visto por última vez Precio válido a partir de Tipo de ítem Koha
    Préstamo interno   Monografías: Libros y Folletos General General En catalogación 25.07.2009 LF1   843.7 S825c 4740-10 25.06.2020 25.06.2020 Préstamo interno
        Monografías: Libros y Folletos Patrimonio Dominicano Patrimonio Dominicano Orden iniciada 03.04.2017 LF1   843.7 S825c 4740-20 25.06.2020 25.06.2020 No se presta

Powered by Koha